| 000 | 01382nam a2200241Ia 4500 | ||
|---|---|---|---|
| 999 |
_c50484 _d50484 |
||
| 001 | 17432 | ||
| 003 | GE_BSU | ||
| 005 | 20200213135924.0 | ||
| 008 | 181216s2012ru xx |||||||||||||| ||rus|| | ||
| 020 | _a978-5-86547-651-1 | ||
| 040 | _cGE_BSU | ||
| 080 | _a811.161.1 В-19 | ||
| 100 |
_aВасильева,Т. _97054 |
||
| 245 |
_aИнформатика : _bКнига для преподавателя : Учебное пособие по языку специальности / _cТ. Васильева ; Ред . О.С.Капполь. |
||
| 264 |
_aСанкт-Петербург : _bЗлатоуст, _c2012. |
||
| 300 |
_a72 стр.; _c24 см. |
||
| 440 |
_aЧитаем тексты по специальности:Выпуск 12 _97055 |
||
| 653 | _aИнформатика | ||
| 653 | _aКнига для преподавателя - обязательный компонент современного учебного пособия, который содержит лингвометодический комментарий к разделам, темам и выполнению заданий; ключи к заданиям творческого характера; аудиолекции в письменной форме | ||
| 653 | _aრუსული ენა | ||
| 700 |
_aКапполь, О.С _eრედაქტორი _97034 |
||
| 942 |
_cBK _2udc |
||